1901 1324 1971 1186 1023 1459 1021 1797 1141 1082 1247 1419 1780 1283 1682 1758 1413 1826 1426 1904 1602 1515 1254 1006 1968 1949 1922 1629 1165 1263 1280 1429 1102 1077 1266 1979 1343 1491 1806 1994 1588 1989 1309 1210 1530 1321 1494 1504 1005 1125 1562 1140 1598 1503 1129 1177 1439 1226 1785 1223 1911 1125 1295 1001 1210 1573 1230 1678 1344 1232 1678 1190 1576 1866 1853 1676 1633 1167 1430 1230 1295 1412 1516 1354 1270 1333 1996 1064 1940 1933 1018 1554 1408 1581 1891 1479 1614 1711 1982 BCNSPRNW ULIB Ver.6.0+V

เปลี่ยนเป็นภาษาไทย

Change to English
 แสดงรายละเอียดบรรณานุกรม
  กลับหน้าหลัก

Brief Record : Get Marc (ISO 2709) : E-mail record : QR code < ปิดหน้าต่าง
LEADER : 00000nam 2200000uu 4500
001    13399125801
003     ULIB
008    170912s2559||||th 000 0 tha d
020    ^a9789747557572
060    ^aWY160 ส661ก ล.2
100    ^aสายฝน เอกวรางกูร
245    ^aการพยาบาลจิตเวชและสุขภาพจิต : ศาสตร์และศิลป์สู่การปฏิบัติ 2
250    ^aพิมพ์ครั้งที่ 3
260    ^aนครศรีธรรมราช :^bศูนย์หนังสือมหาวิทยาลัยวลัยลักษณ์,^c2559
300    ^a312 หน้า^bภาพประกอบ, ตาราง
650    ^aการพยาบาลจิตเวชศาสตร์
650    ^aสุขภาพจิต
945    ^p320^l0^i25458
945    ^p320^l0^i25459
945    ^p320^l0^i25460
945    ^p320^l0^i25461
945    ^p320^l0^i25462
945    ^p320^l0^i25463
945    ^p320^l0^i25464
945    ^p320^l0^i25465
945    ^p320^l0^i25466
945    ^p320^l0^i25467
999    ^aกัณชพร จุลอักษร
รายการนี้ยังไม่มีแท็ก
คุณยังไม่ได้ล็อกอิน คุณสามารถมีกิจกรรมร่วมกับเว็บไซต์ได้ แต่ต้องล็อกอินก่อน ::
  ล็อกอิน

รายการสื่อสารสนเทศ

ลำดับที่ ประเภท เลขเรียก/บาร์โค้ด สถานที่ สถานะ
1. หนังสือสำรอง
หนังสือสำรอง
WY160 ส661ก ล.2 ฉ.1 
  Barcode: 25458
ห้องสมุดวิทยาเขตนครสวรรค์
►หนังสือทั่วไป:l:General Books
บนชั้น
2. วิทยาศาสตร์การแพทย์ และสุขภาพ
วิทยาศาสตร์การแพทย์ และสุขภาพ
WY160 ส661ก ล.2 ฉ.10 
  Barcode: 25467
ห้องสมุดวิทยาเขตนครสวรรค์
►หนังสือทั่วไป:l:General Books
บนชั้น
3. วิทยาศาสตร์การแพทย์ และสุขภาพ
วิทยาศาสตร์การแพทย์ และสุขภาพ
WY160 ส661ก ล.2 ฉ.2 
  Barcode: 25459
ห้องสมุดวิทยาเขตนครสวรรค์
►หนังสือทั่วไป:l:General Books
บนชั้น
4. วิทยาศาสตร์การแพทย์ และสุขภาพ
วิทยาศาสตร์การแพทย์ และสุขภาพ
WY160 ส661ก ล.2 ฉ.3 
  Barcode: 25460
ห้องสมุดวิทยาเขตนครสวรรค์
►หนังสือทั่วไป:l:General Books
บนชั้น
5. วิทยาศาสตร์การแพทย์ และสุขภาพ
วิทยาศาสตร์การแพทย์ และสุขภาพ
WY160 ส661ก ล.2 ฉ.4 
  Barcode: 25461
ห้องสมุดวิทยาเขตนครสวรรค์
►หนังสือทั่วไป:l:General Books
บนชั้น
6. วิทยาศาสตร์การแพทย์ และสุขภาพ
วิทยาศาสตร์การแพทย์ และสุขภาพ
WY160 ส661ก ล.2 ฉ.5 
  Barcode: 25462
ห้องสมุดวิทยาเขตนครสวรรค์
►หนังสือทั่วไป:l:General Books
บนชั้น
7. วิทยาศาสตร์การแพทย์ และสุขภาพ
วิทยาศาสตร์การแพทย์ และสุขภาพ
WY160 ส661ก ล.2 ฉ.6 
  Barcode: 25463
ห้องสมุดวิทยาเขตนครสวรรค์
►หนังสือทั่วไป:l:General Books
บนชั้น
8. วิทยาศาสตร์การแพทย์ และสุขภาพ
วิทยาศาสตร์การแพทย์ และสุขภาพ
WY160 ส661ก ล.2 ฉ.7 
  Barcode: 25464
ห้องสมุดวิทยาเขตนครสวรรค์
►หนังสือทั่วไป:l:General Books
บนชั้น
9. วิทยาศาสตร์การแพทย์ และสุขภาพ
วิทยาศาสตร์การแพทย์ และสุขภาพ
WY160 ส661ก ล.2 ฉ.8 
  Barcode: 25465
ห้องสมุดวิทยาเขตนครสวรรค์
►หนังสือทั่วไป:l:General Books
บนชั้น
10. วิทยาศาสตร์การแพทย์ และสุขภาพ
วิทยาศาสตร์การแพทย์ และสุขภาพ
WY160 ส661ก ล.2 ฉ.9 
  Barcode: 25466
ห้องสมุดวิทยาเขตนครสวรรค์
►หนังสือทั่วไป:l:General Books
บนชั้น

รายการใกล้เคียง
    ชื่อเรื่อง [การพยาบาลจิตเวชและสุขภาพจิต : ศาสตร์และศิลป์สู่การปฏิบัติ 2]

    ผู้แต่ง [สายฝน เอกวรางกูร]

    หัวเรื่อง [การพยาบาลจิตเวชศาสตร์]
    หัวเรื่อง [สุขภาพจิต]

BibComment


ยังไม่เคยถูกคอมเมนท์

คอมเมนท์ทรัพยากรรายการนี้
  คอมเมนท์: การพยาบาลจิตเวชแ..


 Copyright 2026. Bcnsprnw @Library